000 00587nam a2200241 a 4500
001 0001-1264
003 ELIB.Books
008 150618 2010 eng
020 _a0913367397
035 _a(ELIB.Books)0001-1419
092 _a236.2
_bGra
100 _aGraham, Billy.
245 _aDeath and The Life After
260 _aDallas
_bWord Publishing
_c2001
300 _a201
_c21 Cm
500 _aLibrary
650 _aFuture Life
856 _nKBTS: Library
_uKBTS: Elib
942 _2ddc
_cBK
990 _a1
998 _cbat
_e2015-06-18
999 _c11264
_d11264